=LDR 00000nam 2200000 4500 =001 INLIS000000000013438 =005 20130612104830 =008 ***********************************Ind** =035 ##$$0010-061300000013438 =041 ##$$a Ind =082 ##$$a F Rom D =090 ##$$a F Rom D, Ber i =100 ##$$a Berduri, Cambuk =245 ##$$a Indonesia dalam api dan bara, Camboek Berdoeri =260 ##$$a 2004 $b Jakarta =300 ##$$a 398 hlm, Ilus, 21 cm =650 ##$$a Fiksi Dewasa =850 ##$$a NBPNMAT